Robotizované pracovisko pre inteligentné zváranie maloobjemovej výroby : dátum obhajoby 23.8.2023

Saved in:
Bibliographic Details
Main Author: Kovaríková, Zuzana (Author)
Other Authors: Duchoň, František (Thesis advisor)
Format: Manuscript Book
Language:Slovak
Published: Bratislava : STU v Bratislave FEI, 2023
Subjects:
Online Access:https://opac.crzp.sk/?fn=detailBiblioFormChildEVVKR&sid=F21271D19E376096C10174076CD8&seo=CRZP-detail-kniha
Tags: Add Tag
No Tags, Be the first to tag this record!

MARC

LEADER 00000ntm a22000003a 4500
001 stuzp71161
003 SK-STU
005 20231106150239.1
007 ta
008 150427s2015----xo-----f-mn---000-0-slo-d
040 |a STU  |b slo 
041 0 |a slo 
044 |a xo 
100 1 |a Kovaríková, Zuzana  |u 031000  |4 aut  |U FEI Fakulta elektrotechniky a informatiky  |T FEI Ústav robotiky a kybernetiky  |X 18624  |U E011  |Y 356  |7 18624 
242 0 1 |a Robotized Workplace for Intelligent Welding of Small Volume Production  |y eng 
245 1 0 |a Robotizované pracovisko pre inteligentné zváranie maloobjemovej výroby :  |b dátum obhajoby 23.8.2023 
260 |a Bratislava :  |b STU v Bratislave FEI,  |c 2023 
300 |a 185 s.,  |b Autoref. 2023, 36 s. 
500 |a Len v elektronickej podobe 
650 4 |a digitalizácia robotického zvárania  |2 slo 
650 4 |a umelá inteligencia  |2 slo 
650 4 |a robotizované zváranie  |2 slo 
650 4 |a robotic welding  |2 eng 
650 4 |a robotic welding digitization  |2 eng 
650 4 |a artificial intelligence  |2 eng 
700 1 |a Duchoň, František  |u 031000  |k Z1  |4 ths  |U FEI Fakulta elektrotechniky a informatiky  |T FEI Ústav robotiky a kybernetiky  |X 10329  |U E011  |Y 356  |7 A000010329 
856 4 |u https://opac.crzp.sk/?fn=detailBiblioFormChildEVVKR&sid=F21271D19E376096C10174076CD8&seo=CRZP-detail-kniha